000 00654nam a2200217 i 4500
001 25575
003 ES-MaACL
007 t|
008 021227s1985 mx ||||1| spa d
020 _a84-323-0532-4
100 1 _aAridjis, Homero.
_922815
245 1 0 _a1492
_b: vida y tiempos de Juan de Cabezón de Castilla /
_cHomero Aridjis.
250 _a2ª ed.
260 _aMéxico ;
_aEspaña [etc.] :
_bSiglo Veintiuno,
_c1985.
300 _a410 p. ;
_c21 cm.
490 1 _aLa Creación literaria
830 0 _aLa Creación literaria
_9179894
852 _aES-MaACL
_jL-9870
_bR.111505
852 _aES-MaACL
_jL-9871
_bR.111213
999 _c25575
_d25575